000 00517nam a2200181Ia 4500
005 20250508151900.0
008 008 250505s9999 xx 000 0 eng d
037 _aTextual
040 _aFEDL
_beng
_cFEDL
041 _aeng
_2eng
084 _a372.9548, TRA
_qFEDL
245 0 _aSyllabi for lower and upper primary schools
245 0 _cGovernment of Travancore-Coachin Education Department
260 _c1956
300 _a112p.
942 _cTEXL
_h372.9548, TRA
999 _c1332697
_d1332697